| 000 | 00458pab a2200181 454500 | ||
|---|---|---|---|
| 008 | 180718b1978 xxu||||| |||| 00| 0 eng d | ||
| 100 | _aChawla, K.L. | ||
| 245 | _aA cost-benefit analysis of mass rapid transit system for Delhi | ||
| 260 | _c1978 | ||
| 300 | _ap.1-32. | ||
| 362 | _aJul-Sep | ||
| 650 | _aCost benefit analysis | ||
| 650 | _aTransport - India - Delhi | ||
| 650 | _aTransport | ||
| 773 | _aNagarlok | ||
| 908 | _aN | ||
| 909 | _a102217 | ||
| 999 |
_c102215 _d102215 |
||